000 00589nam a22002414a 4500
001 UByD003258
003 AR-LpoUNG
005 20240930100251.0
008 240930s2005 ag 000 f spa d
020 _a9870401309
040 _aAR-LpoUNG
_bspa
_cAR-LpoUNG
_eacr
041 0 _aspa
082 0 _aA863 939est
100 1 _aSuárez, Patricia
245 1 0 _aÉsta no es mi noche
250 _a1ra. ed.
260 _aBuenos Aires :
_bAlfaguara,
_c2005.
300 _a202 p.
650 4 _aLITERATURA
650 4 _aNARRATIVA
653 0 _aLITERATURA ARGENTINA
942 _2ddc
_cLIB
999 _c65909
_d65909